Normal view
MARC view
- Indígenas de México
Entry Materia
Number of records used in: 812
001 - NÚMERO DE CONTROL DEL REGISTRO
- campo de control: 10
003 - IDENTIFICADOR DE NUMERO DE CONTROL
- campo de control: UPN
005 - FECHA Y HORA DE LA ÚLTIMA TRANSACCIÓN
- campo de control: 20231127122858.0
008 - DATOS DE LONGITUD FIJA
- campo de control de longitud fija: 220823 n fnnnnbaba | ana |d
035 ## - NÚMERO DE CONTROL DEL SISTEMA
- Número de control del sistema: UPN10000000010
040 ## - FUENTE DE LA CATALOGACIÓN
- Centro catalogador de origen: MX-MxUPN
- Lengua de catalogación: spa
046 ## - FECHAS CON CODIFICACIÓN ESPECIAL
- Fecha final para contenidos agregados: 2022
150 ## - ENCABEZAMIENTO - TEMÁTICO
- Término de materia o nombre geográfico como elemento inicial: Indígenas de México
- Subdivisión de materia general: Educación
450 ## - VÉASE - MATERIA
- Subcampo de control: nno
- Encabezamiento temático: Indios de México
- Subdivisión temática general: Educación
450 ## - VÉASE - MATERIA
- Encabezamiento temático: Educación indígena
450 ## - VÉASE - MATERIA
- Encabezamiento temático: Indios mexicanos
- Subdivisión temática general: Educación
450 ## - VÉASE - MATERIA
- Encabezamiento temático: Aborígenes de México
- Subdivisión temática general: Educación
450 ## - VÉASE - MATERIA
- Encabezamiento temático: Aborígenes mexicanos
- Subdivisión temática general: Educación
670 ## - FUENTE EN LA QUE SE LOCALIZARON DATOS
- Cita de la fuente: Autoridades Biblioteca Gregorio Torres Quintero, 18 septiembre 2023:
- Información localizada: (Indígenas de México) subdivisión general (Educación)
902 ## - CATALOGADOR
- Catalogador: BEC/031096
- Catalogador: Víctor Ruiz/190923
